Iuridica 5/1990

Uložené v:
Podrobná bibliografia
Médium: Kniha
Jazyk:Czech
Vydavateľské údaje: Praha Univerzita Karlova v Praze 1990
Vydanie:1. vyd.
Edícia:Acta Universitatis Carolinae
Tagy: Pridať tag
Žiadne tagy, Buďte prvý, kto otaguje tento záznam!

MARC

LEADER 00000nam a2200000 4500
001 c033189
005 20221215120057.0
041 0 |a cze 
044 |a CZ 
245 1 0 |a Iuridica 5/1990 
250 |a 1. vyd. 
264 1 |a Praha  |b Univerzita Karlova v Praze  |c 1990 
300 |a 69 s. 
490 1 |a Acta Universitatis Carolinae 
830 0 |a Acta Universitatis Carolinae